00769nam a2200229Ia 4500003000400000005001700004006001800021007000300039008004100042024001100083037001100094040001800105041001300123100002000136110010400156245010600260260000900366300001700375650001700392700002600409700010400435OSt20220930081059.0a|||||r|||| 00| 0ta220926b |||||||| |||| 00| 0 eng d a101223 cTheses aCRLcCRLbeng 2engaeng aS. Suresh Kumar aUniversity of Delhi. Faculty of Inter Discipilinary and Applied Science. Department of Microbiology 0aExtracellular lipase from trichosporon asahii MSR 54 production characterization and its applications c2008 a275ap.ccm. aMICROBIOLOGY a Prof. Rani Gupta Gu. aUniversity of Delhi. Faculty of Inter Discipilinary and Applied Science. Department of Microbiology